Countries with Direct Flights to New York City (JFK) - Statistics

General Stats
  • This quiz has been taken 131 times
  • The average score is 64 of 72
Answers on the Map
Answers color-coded by a green-red scale on the quiz's map according to % correct below.
 
Answer Stats
Answer % Correct
Canada
100%
Mexico
100%
Argentina
99%
Brazil
99%
China
99%
Denmark
99%
Japan
99%
Peru
99%
United Kingdom
99%
Germany
98%
Norway
98%
Portugal
98%
Spain
98%
Chile
97%
France
97%
Iceland
97%
India
97%
Ireland
97%
Italy
97%
Sweden
97%
United States
97%
Belgium
96%
Colombia
96%
Finland
96%
Poland
96%
Saudi Arabia
96%
South Korea
96%
Switzerland
96%
Austria
95%
Morocco
95%
Netherlands
95%
Turkey
95%
Bahamas
94%
Greece
94%
United Arab Emirates
94%
Costa Rica
93%
Dominican Republic
93%
Ecuador
93%
Egypt
93%
Panama
93%
Qatar
92%
Israel
91%
Czechia
90%
Singapore
90%
Honduras
89%
Philippines
89%
Jamaica
88%
New Zealand
88%
Barbados
86%
Belize
84%
Guatemala
84%
El Salvador
83%
Nigeria
83%
Romania
82%
Taiwan
80%
Ethiopia
79%
Jordan
79%
Kuwait
79%
Serbia
78%
Guyana
77%
Saint Lucia
77%
Antigua and Barbuda
76%
Saint Kitts and Nevis
76%
Saint Vincent and the Grenadines
75%
Trinidad and Tobago
75%
Grenada
72%
Ghana
71%
Kenya
71%
Senegal
71%
Bahrain
64%
Ivory Coast
50%
Uzbekistan
49%
No matching quizzes found
Score Distribution
Percent of People with Each Score
Percentile by Number Answered
Your Score History
You have not taken this quiz